Statistics for Harrison Ford Movies Quiz

Click here to take the quiz!

General Stats

  • This quiz has been taken 24,551 times
    (14,859 since last reset)
  • The average score is 7 of 15

Answer Stats

DescriptionMovie% Correct
Archeologist races Nazis to discover an ancient religious artifactRaiders of the Lost Ark
98%
Plucky rebels must destroy a moon-sized space stationStar Wars
90%
American President must personally deal with Kazakh terrorists who have seized his planeAir Force One
79%
Doctor has been framed for murder and must find the one-armed man who killed his wifeThe Fugitive
67%
In the year 2019, a bounty-hunter must kill escaped replicants in dystopian Los AngelesBlade Runner
60%
Despite a vast technological disadvantage, people from the Old West
are able to defeat space aliens
Cowboys & Aliens
49%
Police detective must protect a young Amish boy, and maybe seduce the boy's motherWitness
40%
Genius boys goes to Battle School where he plays zero-gravity laser tagEnder's Game
37%
Only Jack Ryan can stop a corrupt CIA leader in cahoots with the Colombian cartelClear and Present Danger
35%
1962 California teens do stereotypical things like drag race and cruise for babesAmerican Graffiti
35%
African-American player battles racism to break baseball's color barrier42
34%
Jack Ryan saves the Prince of Wales, but finds himself the next target of Irish terroristsPatriot Games
32%
Horrible American colonel goes insane and forms his own rogue military in CambodiaApocalypse Now
26%
Island vacation of typical length goes awry after an encounter with vicious piratesSix Days Seven Nights
19%
Brilliant but troubled American inventor takes his family to Central America
where he attempts to build a utopian civilization
Mosquito Coast
19%

Score Distribution

Percentile by Number Answered

Percent of People with Each Score

Your Score History

You have not taken this quiz since the last reset